Investment Mathematics and Statistics

Gespeichert in:
Bibliographische Detailangaben
Format: Buch
Sprache:Englisch
Veröffentlicht: London Graham and Trotman 1993
Ausgabe:1. ed.
Schlagworte:
Tags: Tag hinzufügen
Keine Tags, Fügen Sie das erste Tag hinzu!

MARC

LEADER 00000nam a2200000 4500
001 c005998
005 20221206074616.6
020 |a 1-85966-074-6 
041 0 |a eng 
044 |a GB 
245 1 0 |a Investment Mathematics and Statistics 
250 |a 1. ed. 
264 1 |a London  |b Graham and Trotman  |c 1993 
300 |a 410 s. 
610 2 0 |a matematika 
610 2 0 |a investície 
610 2 0 |a štatistika 
610 2 0 |a matematika finančná 
610 2 0 |a miera úroková 
610 2 0 |a majetok investičný 
610 2 0 |a inflácia 
610 2 0 |a dlhopisy 
610 2 0 |a pravdepodobnosť 
610 2 0 |a hypotézy štatistické 
610 2 0 |a tvorba cien 
610 2 0 |a úrok 
610 2 0 |a korelácia 
610 2 0 |a regresia 
610 2 0 |a portfólio 
610 2 0 |a politika investičná